Federal aid for the protection of maternity and infancy ... (Record no. 91366)

MARC details
000 -LEADER
fixed length control field 00447cam a22001691 4500
001 - CONTROL NUMBER
control field unk82020174
003 - CONTROL NUMBER IDENTIFIER
control field DLC
005 - DATE AND TIME OF LATEST TRANSACTION
control field 20260227112759.0
008 - FIXED-LENGTH DATA ELEMENTS--GENERAL INFORMATION
fixed length control field 820717s1923 xx 000 0 eng
010 ## - LIBRARY OF CONGRESS CONTROL NUMBER
LC control number unk82020174
040 ## - CATALOGING SOURCE
Original cataloging agency DLC
Transcribing agency CarP
Modifying agency DLC
050 00 - LIBRARY OF CONGRESS CALL NUMBER
Classification number RG960
Item number .A4 1922a
100 1# - MAIN ENTRY--PERSONAL NAME
Personal name Abbott, Grace,
Dates associated with a name 1878-1939.
245 00 - TITLE STATEMENT
Title Federal aid for the protection of maternity and infancy ...
260 ## - PUBLICATION, DISTRIBUTION, ETC.
Place of publication, distribution, etc. [n. p.,
Date of publication, distribution, etc. 1923]
300 ## - PHYSICAL DESCRIPTION
Extent 1 v.
Other physical details cm.

No items available.

Powered by Koha